| 000 | 01209cam a22003857a 4500 | ||
|---|---|---|---|
| 003 | CHAP | ||
| 005 | 20220817043629.0 | ||
| 008 | 000228d1999 it a rn 00110 eng d | ||
| 010 | _a80159 | ||
| 011 | _a81131 | ||
| 020 | _a9251043000 | ||
| 035 | _a91593 | ||
| 040 | _cCHAP | ||
| 082 | 0 | 4 |
_a636.08 _bF3 v.144-M21 |
| 110 | 2 | _aFAO | |
| 245 | 1 | 0 |
_aOstrich production systems _c/by M. M. Shanawany and John Dingle |
| 260 |
_aRome : _bFAO, _c1999. |
||
| 300 |
_a256 p. : _bilus. |
||
| 490 | 0 |
_aFAO. Producción y sanidad animal _v; 144-M21 |
|
| 590 |
_aBATCH-UPD _b10 _c20130110 _lUCH01 _h0426 |
||
| 590 |
_aBATCH-UPD _b10 _c20130110 _lUCH01 _h2349 |
||
| 590 |
_aBATCH-UPD _b10 _c20130410 _lUCH01 _h0101 |
||
| 590 |
_aBATCH-UPD _b10 _c20130914 _lUCH01 _h0452 |
||
| 590 |
_aCONVERSION _b10 _c20130109 _lUCH01 _h1345 |
||
| 650 | 1 | 4 |
_aAvestruz. _98693 |
| 650 | 1 | 4 | _aAvicultura. |
| 650 | 1 | 4 |
_aCarne de avestruz. _919117 |
| 700 | 0 |
_aDingle, John. _932619 |
|
| 700 | 0 |
_aShanawany, M. M. _9105468 |
|
| 830 | 0 |
_aFAO. Producción y sanidad animal _v; 144-M21 _939655 |
|
| 901 | _aBK | ||
| 905 | _aPatricia Mendoza P. | ||
| 942 | _cLIBRO | ||
| 949 |
_a636.08 F3 v.144-M21 _bBC _cFAO _d33724000757936 _eFAO1 _h97181 _i91593 _sb |
||
| 999 |
_c80159 _d80159 |
||